[Event "GER-chT U20"]
[Site "Kiel"]
[Date "2022.07.24"]
[Round "3.2"]
[White "Riegel, Simon"]
[Black "Seref, Erdogan"]
[Result "0-1"]
[WhiteElo "1285"]
[BlackElo "1992"]
[PlyCount "98"]
[EventDate "2022.07.22"]
[EventType "team-swiss"]
[EventRounds "7"]
[EventCountry "GER"]
[SourceTitle "CBM 209 Extra"]
[Source "ChessBase"]
[SourceDate "2022.09.30"]
[SourceVersion "1"]
[SourceVersionDate "2022.09.30"]
[SourceQuality "1"]
[WhiteTeam "Langen"]
[BlackTeam "Brackel"]
[WhiteTeamCountry "GER"]
[BlackTeamCountry "GER"]

1. e4 e5 2. Nc3 Nf6 3. f4 d5 4. d3 d4 5. fxe5 Ng4 6. Nd5 c6 7. Nf4 Bb4+ 8. Bd2 Bxd2+ 9. Qxd2 c5 10. g3 Nc6 11. Nf3 Ngxe5 12. Nxe5 Nxe5 13. 0-0-0 Bg4 14. Ne2 Nf3 15. Qf4 Qg5 16. h3 Bd7 17. Qxg5 Nxg5 18. Bg2 f6 19. h4 Nf7 20. Bh3 0-0-0 21. Bxd7+ Rxd7 22. Nf4 Ne5 23. Nd5 Kb8 24. Rdf1 Rc8 25. h5 h6 26. Rf5 b5 27. Kd2 Kb7 28. Rc1 Rc6 29. c4 bxc4 30. dxc4 Ra6 31. a3 Ra4 32. b4 Rxa3 33. bxc5 Kc6 34. Nf4 Kxc5 35. Rxe5+ fxe5 36. Nd3+ Kd6 37. c5+ Ke6 38. c6 Rc7 39. Rc5 Kd6 40. Rd5+ Kxc6 41. Nxe5+ Kb7 42. Nd3 Rcc3 43. Rxd4 Rxd3+ 44. Rxd3 Rxd3+ 45. Kxd3 Kc6 46. Ke3 Kd6 47. Kf4 Ke6 48. g4 a5 49. g5 a4 0-1

[Event "GER-chT U10"]
[Site "Magdeburg"]
[Date "2014.12.29"]
[Round "6.2"]
[White "Riegel, Simon"]
[Black "Nguyen, Frank"]
[Result "1-0"]
[WhiteElo "952"]
[BlackElo "600"]
[PlyCount "31"]
[EventDate "2014.12.27"]
[EventType "team-swiss"]
[EventRounds "7"]
[EventCountry "GER"]
[SourceTitle "EXT 2016"]
[Source "ChessBase"]
[SourceDate "2015.10.08"]
[SourceVersion "1"]
[SourceVersionDate "2015.10.08"]
[SourceQuality "1"]
[WhiteTeam "Langen"]
[BlackTeam "Paderborn II"]
[WhiteTeamCountry "GER"]
[BlackTeamCountry "GER"]

1. e4 e6 2. Nf3 d5 3. exd5 exd5 4. c3 Nf6 5. d4 Qe7+ 6. Be2 Qe6 7. 0-0 Bd6 8. Re1 0-0 9. Ng5 Qf5 10. h3 h6 11. Bd3 Qd7 12. Qf3 hxg5 13. Bxg5 Re8 14. Rxe8+ Nxe8 15. Qh5 Kf8 16. Qh8# 1-0

[Event "GER-chT U10"]
[Site "Magdeburg"]
[Date "2014.12.29"]
[Round "7.2"]
[White "Tuente, Henning"]
[Black "Riegel, Simon"]
[Result "0-1"]
[WhiteElo "918"]
[BlackElo "952"]
[PlyCount "83"]
[EventDate "2014.12.27"]
[EventType "team-swiss"]
[EventRounds "7"]
[EventCountry "GER"]
[SourceTitle "EXT 2016"]
[Source "ChessBase"]
[SourceDate "2015.10.08"]
[SourceVersion "1"]
[SourceVersionDate "2015.10.08"]
[SourceQuality "1"]
[WhiteTeam "Raesfeld Erle"]
[BlackTeam "Langen"]
[WhiteTeamCountry "GER"]
[BlackTeamCountry "GER"]

1. e4 e5 2. Nf3 Nc6 3. Bc4 Nf6 4. Nc3 Bc5 5. d3 0-0 6. Bg5 d6 7. h3 h6 8. Bh4 Nd4 9. Nxd4 exd4 10. Nd5 g5 11. Bg3 c6 12. Nxf6+ Qxf6 13. c3 b5 14. Bb3 Re8 15. cxd4 Bxd4 16. Rb1 d5 17. 0-0 dxe4 18. Re1 Bf5 19. dxe4 Bxe4 20. Qxd4 Qxd4 21. Rbd1 Qf6 22. Rf1 Rad8 23. Rde1 Bd5 24. Rxe8+ Rxe8 25. f4 Qd4+ 26. Bf2 Qxf4 27. Bxa7 Bxb3 28. Rxf4 gxf4 29. axb3 Re7 30. Bb6 Re4 31. Kf2 Rb4 32. Kf3 Rxb3+ 33. Kxf4 Rxb2 34. Kf5 Rxg2 35. Be3 Rg3 36. Bxh6 Rxh3 37. Kg4 Rxh6 38. Kg5 b4 39. Kxh6 b3 40. Kg5 b2 41. Kf5 b1Q+ 42. Ke5 0-1

[Event "GER-chT U10"]
[Site "Magdeburg"]
[Date "2014.12.27"]
[Round "2.2"]
[White "Riegel, Simon"]
[Black "Lehmann, Taylor"]
[Result "1-0"]
[WhiteElo "952"]
[BlackElo "786"]
[PlyCount "33"]
[EventDate "2014.12.27"]
[EventType "team-swiss"]
[EventRounds "7"]
[EventCountry "GER"]
[SourceTitle "EXT 2016"]
[Source "ChessBase"]
[SourceDate "2015.10.08"]
[SourceVersion "1"]
[SourceVersionDate "2015.10.08"]
[SourceQuality "1"]
[WhiteTeam "Langen"]
[BlackTeam "Hettstedt"]
[WhiteTeamCountry "GER"]
[BlackTeamCountry "GER"]

1. e4 e5 2. Nf3 Nc6 3. Bb5 a6 4. Bxc6 dxc6 5. 0-0 Bg4 6. h3 Bxf3 7. Qxf3 Qd4 8. c3 Qc5 9. b4 Qd6 10. Na3 Qg6 11. Nc4 Qg5 12. d3 Qe7 13. Be3 b5 14. Na5 Rd8 15. Nxc6 Qd7 16. Nxe5 Qd6 17. Qxf7# 1-0